00975nam a2200205 a 450000100100000000500170001000800410002704000250006810000320009324501850012526000770031030000270038750000780041470000410049270000520053370000300058570000320061595201050064799900170075200003333820240305125107.0110824s19uu dr a 000 0 spa d aDO-SdBNPbspacBNPHU1 aVela Zanetti, José95892710aJosé Vela Zanetti /cselección y composición de Aida Cartagena Portolatín ; con estudios de Antonio Fernández Spencer ; poemas de Bernardo Clariana y Víctoriano Cremer. aCiudad Trujillo, República Dominicana :bEditorial el Caribe,c[195u]. a98 p. :bil. ;c30 cm. aTres notas críticas de Dario Suro Horia Tanasescu y Manuel Valladeperez1 aCaratagena Portolatín, Aida9589281 aFernández Spencer, Antonio,d1922-19959225251 aClariana, Bernardo9589291 aCremer, Víctoriano958930 0010718PDaPDbPDcCTd2011-08-24iLF1l0o p33338-10r2020-06-25w2020-06-25yLFPDZNo se presta c32829d32829